Guess the Taylor Swift Song (Fearless TV) 8 - Statistics

General Stats
  • This quiz has been taken 11 times
  • The average score is 351 of 398
Answer Stats
Answer % Correct
a
100%
all
100%
all,
100%
All
100%
an
100%
And
100%
and
100%
are
100%
be
100%
been
100%
But
100%
for
100%
I
100%
if
100%
If
100%
in
100%
it
100%
it's
100%
It's
100%
I've
100%
kiss
100%
know
100%
like
100%
look
100%
me
100%
my
100%
no
100%
on
100%
one
100%
say
100%
should
100%
so
100%
So
100%
the
100%
The
100%
they
100%
this
100%
to
100%
wanna
100%
when
100%
would
100%
you
100%
you?
100%
your
100%
You're
100%
always
88%
angel
88%
as
88%
at
88%
back
88%
beautiful,
88%
beautiful
88%
can
88%
can't
88%
Can't
88%
Cause
88%
Come
88%
come
88%
could
88%
do
88%
don't
88%
feel
88%
feeling
88%
got
88%
(ha)
88%
have
88%
help
88%
Hey
88%
I'll
88%
I'm
88%
looks
88%
name
88%
never
88%
Of
88%
out
88%
rain,
88%
seen
88%
song
88%
stay
88%
Stephen,
88%
They're
88%
they're
88%
things
88%
think
88%
we
88%
why
88%
Why
88%
aren't
75%
boy,
75%
choose
75%
girls
75%
girls,
75%
give
75%
here
75%
light
75%
met
75%
myself
75%
Myself
75%
myself,
75%
now
75%
Oh,
75%
oh,
75%
oh
75%
other
75%
people
75%
saw
75%
shine
75%
shine,
75%
some
75%
there
75%
there's
75%
those
75%
waiting
75%
walk,
75%
way
75%
well,
75%
write
75%
yeah
75%
50
63%
believing
63%
change
63%
cold
63%
deceiving
63%
didn't
63%
else
63%
even
63%
ever
63%
holding
63%
leaving?
63%
lights
63%
Mmm,
63%
Mmm
63%
Mmm-mm,
63%
Mmm-mm
63%
nobody
63%
reasons
63%
same
63%
since
63%
talk
63%
talk,
63%
thought
63%
walked
63%
alone
50%
(Ha-ha)
50%
half
50%
magic
50%
might
50%
near
50%
perfect
50%
pull
50%
rocks
50%
tonight?
50%
tossing
50%
wanted
50%
window
50%
wonderful,
50%
dimming
38%
street
38%
No matching quizzes found
Score Distribution
Percent of People with Each Score
Percentile by Number Answered
Your Score History
You have not taken this quiz